000 00483nam a2200157 i 4500
001 60944
003 ES-MaACL
005 20230906164334.0
007 t|
008 031107s1970 sp ||||1| spa d
245 0 0 _aEstudios de Derecho Internacional Público y Privado
_b: homenaje al profesor Luis Sela Sampil.
260 _aOviedo :
_bUniversidad de Oviedo,
_c1970.
300 _a2 v. ;
_c25 cm.
700 1 _aSela Sampil, Luis.
_9105288
852 _aES-MaACL
_jC-37363-64
_bR.76977
999 _c60944
_d60944